Adelante! : a cultural approach to intermediate Spanish /
Saved in:
| Main Author: | |
|---|---|
| Other Authors: | , |
| Format: | Book |
| Language: | English Spanish |
| Published: |
New York :
Random House,
c1985.
|
| Edition: | 3rd ed. |
| Subjects: |
| LEADER | 01333cam a2200349 a 4500 | ||
|---|---|---|---|
| 001 | c000396845 | ||
| 003 | CARM | ||
| 005 | 20140321151114.0 | ||
| 008 | 140321s1985 nyuabf 001 0 eng d | ||
| 010 | |a 84027577 | ||
| 019 | 1 | |a 69841477 |5 LACONCORD2021 | |
| 020 | |a 0394336704 (hbk.) : |c $22.00 | ||
| 035 | |a (OCoLC)11533270 |5 LACONCORD2021 | ||
| 040 | |a LC |b eng |c LC |d LC | ||
| 041 | 0 | |a eng |a spa | |
| 050 | 0 | 0 | |a PC4129.E5 |b N42 1985 |
| 082 | 0 | 4 | |a 468.2421 |2 23 |
| 100 | 1 | |a Neale-Silva, Eduardo. | |
| 245 | 1 | 0 | |a Adelante! : |b a cultural approach to intermediate Spanish / |c Eduardo Neale-Silva, Robert L. Nicholas, María Canteli Dominicis. |
| 250 | |a 3rd ed. | ||
| 260 | |a New York : |b Random House, |c c1985. | ||
| 300 | |a xv, 546 p., [8] p. of plates : |b ill. (some col.), maps ; |c 24 cm. | ||
| 500 | |a English and Spanish. | ||
| 500 | |a Includes indexes. | ||
| 650 | 0 | |a Spanish language |v Textbooks for foreign speakers |x English. | |
| 700 | 1 | |a Nicholas, Robert L. | |
| 700 | 1 | |a Dominicis, María Canteli. | |
| 852 | 8 | |b CARM |p 0601640 |f BK | |
| 852 | 8 | |b SCAN |h A3:AH16D0 |i F08795 |p 0601640 |f BK | |
| 999 | f | f | |i 6ecde862-1cb5-54f8-b804-1a361ed1cd83 |s 3c1e9e1b-d44e-51fe-afc6-a2e6c2d82ad1 |
| 952 | f | f | |p Can circulate |a CAVAL |b CAVAL |c CAVAL |d CARM 1 Store |i book |m 0601640 |
| 952 | f | f | |a CAVAL |b CAVAL |c CAVAL |d Unmapped Location |e F08795 |f A3:AH16D0 |h Other scheme |